Statistics for Types Of Transport / Vehicle Quiz

Click here to take the quiz!

General Stats

  • This quiz has been taken 47 times
  • The average score is 7 of 15

Answer Stats

Transport ClueAnswer% Correct
First invented in 1885 in Germanycar
85%
Electric vehicle which runs on tracks in citiestram
79%
Underwater vehicle. They might be yellowsubmarine
76%
Metal Birdairplane
67%
Two wheeled vehicle. Can be electricbicycle
64%
Sky vehicle with bladeshelicopter
58%
Colourful transport for the airhot air balloon
48%
The simplest form of transportwalking
48%
Large vehicle used for transporting goodslorry
36%
Canine snow traveldogsled
33%
Inuits invented these for water travelkayak
30%
Electric bicyclemotorbike
30%
Wheels attached to the feetroller skates
30%
Human propelled water travelswimming
15%
Before the bicyclepenny farthing
9%

Score Distribution

Percentile by Number Answered

Percent of People with Each Score

Your Score History

You have not taken this quiz